000 00641nam a22002177a 4500
005 20150515163358.0
008 140714b xxu||||| |||| 00| 0 Urdu d
010 _aUR-8920
020 _c110.00
035 _aU-7475
037 _bBPPD/Pub/Ven
040 _aDPL
_bUrdu
082 _a841
100 _aعمر ا ن عظيم
245 _aبہت کچذ
_cعمر ا ن عظيم
246 _aBahut Kuchh
_bBy Imran Azeem
260 _bModern Publications
_c2015
_aNew Delhi
270 _a9,Gola Market Darya Ganj,
_bNew Delhi
_k09312340686
_e110002
300 _a168ص
_c22Cm (Hb)
942 _2ddc
_cUR
_e
_h841
_mع م ر
999 _c93679
_d93679